Основы отопления и вентиляции: учебно-практическое пособие

Bibliographic Details
Main Author: Штокман Е. А. Евгений Александрович
Other Authors: Скорик Т. А. Татьяна Александровна
Summary:Системы отопления и вентиляции играют всевозрастающую роль в создании необходимого микроклимата в жилых, общественных и производственных зданиях, от которого во многом зависят здоровье, самочувствие и работоспособность людей, а также качество выпускаемой продукции, сохранность материальных и культурных ценностей. Пылеулавливающее оборудование систем вентиляции, предотвращает загрязнение окружающей среды. Эффективность и надежность работы систем отопления и вентиляции во многом зависит от квалификации технического персонала, занимающегося их проектированием, монтажом и эксплуатацией. Этими вопросами, наряду со специалистами, имеющими специальную подготовку, занимаются инженеры и техники — строители, технологи, механики, теплотехники, электрики и др. К эксплуатации этих систем имеет непосредственное отношение персонал предприятий, административных и общественных зданий. Инженеры и техники этих специальностей обладают, как правило, необходимыми знаниями, по математике, химии, физике, гидравлике, теплотехнике и другим общетехническим дисциплинам, что позволяет им при необходимости освоить вопросы отопления и вентиляции. В пособии рассматриваются системы отопления жилых, общественных и производственных зданий. Изложены вопросы расчета и проектирования систем. Пособие предназначено для инженеров и техников, работающих в области отопления и вентиляции, а также специалистов смежных профессий. Она будет также полезна студентам соответствующих специальностей.
Language:Russian
Published: Ростов-на-Дону, Феникс, 2011
Series:Строительство
Subjects:
Format: Book
KOHA link:https://koha.lib.tpu.ru/cgi-bin/koha/opac-detail.pl?biblionumber=207289

MARC

LEADER 00000nam0a2200000 4500
001 207289
005 20231101225405.0
010 |a 9785222181690 
035 |a (RuTPU)RU\TPU\book\226087 
090 |a 207289 
100 |a 20120123d2011 m y0rusy50 ca 
101 0 |a rus 
102 |a RU 
105 |a a j 001zy 
200 1 |a Основы отопления и вентиляции  |e учебно-практическое пособие  |f Е. А. Штокман, Т. А. Скорик 
210 |a Ростов-на-Дону  |c Феникс  |d 2011 
215 |a 346 с.  |c ил. 
225 1 |a Строительство 
320 |a Библиогр.: с. 341-342. 
330 |a Системы отопления и вентиляции играют всевозрастающую роль в создании необходимого микроклимата в жилых, общественных и производственных зданиях, от которого во многом зависят здоровье, самочувствие и работоспособность людей, а также качество выпускаемой продукции, сохранность материальных и культурных ценностей. Пылеулавливающее оборудование систем вентиляции, предотвращает загрязнение окружающей среды. Эффективность и надежность работы систем отопления и вентиляции во многом зависит от квалификации технического персонала, занимающегося их проектированием, монтажом и эксплуатацией. Этими вопросами, наряду со специалистами, имеющими специальную подготовку, занимаются инженеры и техники — строители, технологи, механики, теплотехники, электрики и др. К эксплуатации этих систем имеет непосредственное отношение персонал предприятий, административных и общественных зданий. Инженеры и техники этих специальностей обладают, как правило, необходимыми знаниями, по математике, химии, физике, гидравлике, теплотехнике и другим общетехническим дисциплинам, что позволяет им при необходимости освоить вопросы отопления и вентиляции. В пособии рассматриваются системы отопления жилых, общественных и производственных зданий. Изложены вопросы расчета и проектирования систем. Пособие предназначено для инженеров и техников, работающих в области отопления и вентиляции, а также специалистов смежных профессий. Она будет также полезна студентам соответствующих специальностей. 
606 1 |a Отопление  |2 stltpush  |3 (RuTPU)RU\TPU\subj\47798  |9 66709 
606 1 |a Вентиляция  |x Строительство  |2 stltpush  |3 (RuTPU)RU\TPU\subj\2229  |9 30821 
610 1 |a характеристика 
610 1 |a помещения 
610 1 |a тепловой режим 
610 1 |a местное отопление 
610 1 |a центральное отопление 
610 1 |a водяное отопление 
610 1 |a паровое отопление 
610 1 |a лучисто-панельное отопление 
610 1 |a воздушное отопление 
610 1 |a электрическое отопление 
610 1 |a теплота 
610 1 |a альтернативные источники 
610 1 |a вентиляционные системы 
610 1 |a вентилируемые помещения 
610 1 |a воздух 
610 1 |a движение 
610 1 |a воздухообмен 
610 1 |a вредные выделения 
610 1 |a вредные вещества 
610 1 |a микроклимат 
610 1 |a системы вентиляции 
610 1 |a схемы 
610 1 |a конструктивные элементы 
610 1 |a аэродинамические расчеты 
610 1 |a вентиляторы 
610 1 |a нагревание 
610 1 |a очистка 
610 1 |a местная вентиляция 
610 1 |a аэрация 
610 1 |a пневматический транспорт 
610 1 |a вакуумная пылеуборка 
610 1 |a кондиционирование 
610 1 |a эксплуатация 
610 1 |a испытание 
610 1 |a наладка 
610 1 |a учебные пособия 
675 |a 697.1(075.8)  |v 3 
675 |a 697.92(075.8)  |v 3 
700 1 |a Штокман  |b Е. А.  |g Евгений Александрович 
701 1 |a Скорик  |b Т. А.  |g Татьяна Александровна 
801 1 |a RU  |b 63413507  |c 20120123 
801 2 |a RU  |b 63413507  |c 20150709  |g RCR 
942 |c BK 
959 |a 2/20120123  |d 15  |e 263,90  |f ЧЗТЛ:1  |f АНЛ:1  |f УФ:13